Missing Word: Mystery Actresses VI Quiz Stats

 Plays Quiz Updated Oct 13, 2016

Challenge
Share
Tweet
Embed
Score 0/20 Timer 02:00
2 Plays Today
Missing Word % Correct
Fiction
95.3%
Hot
95%
Bill
94.8%
Dead
94.5%
Horror
93.3%
Silence
93.2%
Louise
92.5%
All
87.9%
Batman
87.1%
Prefer
80.6%
Missing Word % Correct
Room
77.6%
Marry
77.3%
Uma Thurman
75%
Marilyn Monroe
73.3%
Taxi
71.8%
Jodie Foster
67.9%
Bull
67.2%
Susan Sarandon
57.5%
King
54.9%
Super
54.7%

Today's Daily Dose

You're not logged in!

Compare scores with friends on all Sporcle quizzes.
OR
Log In

You Might Also Like...

Show Comments

Extras

Top Quizzes Today


Score Distribution

Your Account Isn't Verified!

In order to create a playlist on Sporcle, you need to verify the email address you used during registration. Go to your Sporcle Settings to finish the process.

Report this User

Report this user for behavior that violates our Community Guidelines.

Details: